El control de la gestión mediante el cuadro de mandos (tablean de bord) : (Record no. 110001)

MARC details
000 -LEADER
campo de control de longitud fija 00740nam a2200205 4500
001 - NÚMERO DE CONTROL
campo de control 110001
003 - IDENTIFICADOR DE NÚMERO DE CONTROL
campo de control ES-MaACL
005 - FECHA Y HORA DE LA ÚLTIMA TRANSACCIÓN
campo de control 20230906184946.0
007 - CAMPO FIJO DE DESCRIPCIÓN FÍSICA--INFORMACIÓN GENERAL
campo de control de longitud fija t|
008 - DATOS DE LONGITUD FIJA--INFORMACIÓN GENERAL
campo de control de longitud fija 061121s1971 sp r ||||1| spa d
080 ## - NÚMERO DE LA CLASIFICACIÓN DECIMAL UNIVERSAL
Número de la Clasificación Decimal Universal 658.5
100 1# - ENTRADA PRINCIPAL--NOMBRE DE PERSONA
Nombre de persona Moisson, Marcel.
9 (RLIN) 81819
245 13 - MENCIÓN DEL TÍTULO
Título El control de la gestión mediante el cuadro de mandos (tablean de bord) :
Resto del título información, control y mejora de las previsiones en la empresa /
Mención de responsabilidad, etc. Marcel Moisson ; traducida por Alberto Palomar Baró.
250 ## - MENCION DE EDICION
Mención de edición 1ª ed.
260 ## - PUBLICACIÓN, DISTRIBUCIÓN, ETC.
Lugar de publicación, distribución, etc. Barcelona :
Nombre del editor, distribuidor, etc. Editores Técnicos Asociados,
Fecha de publicación, distribución, etc. 1971.
300 ## - DESCRIPCIÓN FÍSICA
Extensión XIII, 143 p. :
Otras características físicas gráf. ;
Dimensiones 24 cm.
650 #4 - PUNTO DE ACCESO ADICIONAL DE MATERIA--TÉRMINO DE MATERIA
Término de materia o nombre geográfico como elemento de entrada Control de gestión.
9 (RLIN) 146119
700 1# - ENTRADA AGREGADA--NOMBRE PERSONAL
Nombre de persona Palomar Baró, Alberto.
9 (RLIN) 88663
852 4# - LOCALIZACIÓN
Ubicación ES-MaACL
Número de control de estantería C-44029
Holdings
Estatus retirado Estado de pérdida Estado de daño No para préstamo Biblioteca de origen Biblioteca actual Ubicación en estantería Fecha de adquisición Fuente de adquisición Total de préstamos Signatura topográfica completa Código de barras Visto por última vez Precio de reemplazo Tipo de ítem Koha
        Biblioteca del Ateneo de Madrid Biblioteca del Ateneo de Madrid Depósito 2 17/01/2008     C-44029 1114770 23/02/2023 23/02/2023 Libro impreso